| 000 | 01007nam a2200289 a 4500 | ||
|---|---|---|---|
| 001 | 42975 | ||
| 003 | BD-RjUL | ||
| 005 | 20211209053626.0 | ||
| 008 | 160618s1980 nyu 001 0 eng | ||
| 035 | _a(BD-RjUL)43093 | ||
| 040 |
_aDLC _cDLC _dDLC _dBD-RjUL _beng |
||
| 041 | 1 | _aengfre | |
| 082 | 0 | 0 |
_a330.015195 _223 _bMAS 1980 |
| 100 | 1 |
_aMalinvaud, Edmond. _9131977 |
|
| 245 | 1 | 0 |
_aStatistical methods of econometrics / _cby E. Malinvaud. Translation by A. Silvey. |
| 250 | _a3rd rev. ed. | ||
| 260 |
_bNorth-Holland Pub. Co ; _aNew York : _bAmerican Elsevier Pub. Co., _cc1980 |
||
| 300 |
_axvi, 769 p. ; _c23 cm. |
||
| 350 | _afl54.00 | ||
| 500 | _aTranslation of Méthodes statistiques de l'économétrie. | ||
| 504 | _a include Bibliography: p. 725-738 and index | ||
| 650 | 0 |
_aEconometrics. _9131978 |
|
| 942 |
_2ddc _cBK |
||
| 999 |
_c42975 _d42975 |
||